000 00827nam a22002657a 4500
001 9972
003 FISKH
005 20260320102238.0
008 260320b cb ||||| |||| 00| 0 eng d
020 _a9780195852745
040 _aFISKH
_beng
_cFISKH
_dFISKH
050 _aPE1128
082 _a 428.6
100 _aCarroll, Lewis
245 _aAlice's adventures in wonderland /
_c Lewis Carroll
260 _aHong Kong :
_bOxford University Press,
_c1992.
300 _a57 pages :
_bcolor illustrations ;
_c21 cm
505 _aP
520 _aThis is one of a series of both classics and modern fiction rewritten for "learners of English." Includes questions for students.
521 8 _a650
_bLexile estimate
521 8 _aP
_bRaz-Plus
650 _aNovel
_vFiction
942 _2ddc
_cBK
_n0
999 _c9972
_d9972